Exposition Egypte-France : octobre-novembre, 1949 /

Saved in:

Corporate Author: Musée des arts décoratifs (France).

Format: Book

Language: French

Published: Paris : Presses Artistiques, [1949].

Subjects:

Tags: Add Tag

No Tags, Be the first to tag this record!

Call Number: N8214.5 .E33 M89 1949

LEADER 00793namaa2200241 4500
001 25264
003 OSt
005 20250902090557.0
008 130303s1949 fr f c 000 0 fre d
010 |a 92170414 
040 |c ARCE Library 
050 4 |a N8214.5 .E33 M89 1949 
110 2 |a Musée des arts décoratifs (France). 
245 1 0 |a Exposition Egypte-France :   |b octobre-novembre, 1949 /   |c Musée des arts décoratifs. 
246 3 0 |a Egypte France, octobre-novembre, 1949. 
264 1 |a Paris :   |b Presses Artistiques,   |c [1949]. 
300 |a 1 volume (unpaged) :  |b 16 plates ;   |c 18 cm. 
500 |a Cover title : Egypte France, octobre-novembre, 1949. 
650 0 |a Art, Egyptian  |v Exhibitions. 
650 0 |a Art, French  |v Exhibitions. 
901 |a reviewed 
942 |c BK  |2 lcc 
999 |c 21214  |d 21214